1012 1919 1499 1241 1717 1635 1529 1094 1597 1887 1530 1412 1160 1582 2000 1301 1200 1120 1412 1708 1106 1891 1907 1161 1657 1268 1316 1090 1617 1343 1489 1629 1863 1389 1109 1403 1440 1852 1278 1849 1060 1121 1798 1852 1884 1031 1839 1061 1409 1977 1547 1736 1674 1333 1600 1887 1299 1036 1219 1513 1083 1476 1205 1624 1988 1134 1981 1522 1457 1606 1037 1718 1500 1434 1642 1823 1492 1648 1836 1311 1873 1358 1315 1507 1735 1831 1605 1108 1302 1825 1490 1670 1947 1679 1589 1605 1436 1314 1842 BCNSPRNW ULIB Ver.6.0+V

เปลี่ยนเป็นภาษาไทย

Change to English
 แสดงรายละเอียดบรรณานุกรม
  กลับหน้าหลัก

Brief Record : Get Marc (ISO 2709) : E-mail record : QR code < ปิดหน้าต่าง
LEADER : 00000nam 2200000uu 4500
001    13399115315
003     ULIB
008    120815s2009||||th 000 0 eng d
020    ^a9781405341295
082  0  ^aQS17^bC111B
100 0  Rita Carter
245  0  ^aThe brain book /^cRita Carter ... [et al.] ; editors, Salima Hirani, Katie John, Rebecca Warren.
260    ^aLondon :^bDorling Kindersley,^c2009.
300    ^a256 p. :^bill. ;^c31 cm.
650    ^aBrain.
650    ^aNeuroanatomy.
700  1 ^aCarter, Rita.
700  1 ^aHirani, Salima.
700  1 ^aJohn, Katie.
700  1 ^aWarren, Rebecca.
945    ^p0^l0^i16286
995    ^aทศพร
999 ^a ใช้งานได้ทุกระบบ
รายการนี้ยังไม่มีแท็ก
คุณยังไม่ได้ล็อกอิน คุณสามารถมีกิจกรรมร่วมกับเว็บไซต์ได้ แต่ต้องล็อกอินก่อน ::
  ล็อกอิน

รายการสื่อสารสนเทศ

ลำดับที่ ประเภท เลขเรียก/บาร์โค้ด สถานที่ สถานะ
- ไม่พบข้อมูล -

BibComment


ยังไม่เคยถูกคอมเมนท์

คอมเมนท์ทรัพยากรรายการนี้
  คอมเมนท์: The brain book ..


 Copyright 2026. Bcnsprnw @Library